000 00802nam a22002297a 4500
003 UA-OsUOA
001 127869
007 ta
008 20171214b un ||||| |||| 00| 0 ukr d
090 _a82.09(477)
_bС79
942 _cBK
040 _aUA-OsUOA
_bukr
_cUA-OsUOA
_dUA-OsUOA
245 _aСтереометрія тексту
_bстудії над поетичними творами Івана Франка: колективна монографія
_cупор. та наук. ред. Б. С. Тихолоз
300 _a288 с.
955 _a1
041 _aukr
080 _a82.09(477)
020 _a966-02-29000-3
260 _aЛьвів
_bЛВІЛ ім. Т. Г. Шевченка
_c2010
650 7 _a82 Література. Літературознавство
_2UDC
999 _c415235
_d415235